000
00331nam a22001457a 4500
008
210311b ||||| |||| 00| 0 eng d
020
_a
9780195427554
041
_a
eng
080
_2
5th
_a
37
082
_2
5th
_a
37
100
_a
25
101
_a
EDU
245
_a
The Canadian Writer's Handbook
_c
Messenger,E.W
942
_2
udc
_c
BK
999
_c
56354
_d
56354